000 00262nam a2200109Ia 4500
008 190906s9999||||xx |||||||||||||| ||und||
100 _aAfaq Siddiqui
245 0 _aMaseer-ra-tul-Bashar
260 _aKarachi
_bRoyal Book Company
_c2004
300 _a289
942 _cBK
999 _c6169
_d6169